| 000 | 00798nam a2200217 i 4500 | ||
|---|---|---|---|
| 001 | 56231 | ||
| 003 | ES-MaACL | ||
| 005 | 20250820122714.0 | ||
| 007 | t| | ||
| 008 | 031006m19801981sp ||||1| spa d | ||
| 020 | _a84-248-0506-2 | ||
| 245 | 0 | 0 |
_aDiccionario de artistas de Cataluña, Valencia y Baleares / _cdirigido por J.F. Ráfols. |
| 250 | _aNueva ed. | ||
| 260 |
_aBarcelona : _bEdicions Catalanes ; _aBilbao : _bLa Gran Enciclopedia Vasca, _c1980-1981. |
||
| 300 |
_a5 v. : _bil. ; _c24 cm. |
||
| 505 | 8 | _aContiene: V. I: A-C. -- V. II: C-L. -- V. III: L-P. -- V. IV: P-T. -- V. V: T-Z, Apéndice | |
| 650 | 4 |
_aArtistas- _zCataluña- _vBiografías. _9155128 |
|
| 700 | 1 |
_aRàfols, Josep F., _d1889-1965 _9132216 |
|
| 852 |
_aES-MaACL _jL-12887-91 _bR.112508 |
||
| 999 |
_c56231 _d56231 |
||